Top 20 since '20-Baltimore Ravens - Statistics

General Stats
  • This quiz has been taken 73 times
  • The average score is 10 of 20
Answer Stats
Yards Position Answer % Correct
3,810 TE Mark Andrews
98%
1,546 WR Zay Flowers
95%
1,055 TE Isaiah Likely
84%
1,668 WR Rashod Bateman
83%
565 WR Odell Beckham Jr.
72%
1,777 WR Marquise Brown
66%
556 RB Justice Hill
62%
237 FB Patrick Ricard
60%
309 RB Gus Edwards
53%
261 TE Charlie Kolar
48%
213 WR Tylan Wallace
48%
586 WR Nelson Agholor
47%
432 WR Willie Snead
29%
898 WR Devin Duvernay
28%
272 WR Miles Boykin
21%
513 WR Sammy Watkins
16%
215 TE Josh Oliver
14%
279 WR James Proche
10%
458 WR Demarcus Robinson
9%
190 RB Devonta Freeman
7%
No matching quizzes found
Score Distribution
Percent of People with Each Score
Percentile by Number Answered
Your Score History
You have not taken this quiz